| LEADER 00000nam 2200000uu 4500 |
| 001 213599 |
| 003 ULIBM |
| 008 230718s||||||||th 000 0 tha d |
| 020 ^a9780323810296
|
| 041 ^aeng
|
| 060 04 ^aWY160^bM882f 2023
|
| 100 1 ^aMorrison-Valfre, Michelle
|
| 245 10 ^aFoundations of mental health care /^cMichelle Morrison-Valfre
|
| 250 ^a8th ed.
|
| 260 ^aSt. Louis, Mo. :^bElsevier,^cc2023
|
| 300 ^axviii, 437 p. :^bill. ;^c28 cm.
|
| 504 ^aIncludes bibliographical references and index
|
| 650 2 ^aMental Disorders^xnursing
|
| 650 2 ^aMental Disorders^xtherapy
|
| 650 2 ^aMental Health Services
|
| 650 2 ^aPsychiatric Nursing^xmethods
|
| 999 ^aใช้งานได้ทุกระบบ
|